Análisis cualitativo mediante reacciones a la gota (Record no. 62241)
[ view plain ]
| 000 -LEADER | |
|---|---|
| campo de control de longitud fija | 00694nam a2200169 i 4500 |
| 001 - NÚMERO DE CONTROL | |
| campo de control | 62241 |
| 003 - IDENTIFICADOR DE NÚMERO DE CONTROL | |
| campo de control | ES-MaACL |
| 007 - CAMPO FIJO DE DESCRIPCIÓN FÍSICA--INFORMACIÓN GENERAL | |
| campo de control de longitud fija | t| |
| 008 - DATOS DE LONGITUD FIJA--INFORMACIÓN GENERAL | |
| campo de control de longitud fija | 031119s1949 sp ||||1| spa d |
| 100 1# - ENTRADA PRINCIPAL--NOMBRE DE PERSONA | |
| Nombre de persona | Feigil, Fritz. |
| 9 (RLIN) | 49100 |
| 245 10 - MENCIÓN DEL TÍTULO | |
| Título | Análisis cualitativo mediante reacciones a la gota |
| Resto del título | : aplicaciones inorgánicas y orgánicas / |
| Mención de responsabilidad, etc. | por Fritz Feigel ; traducida de la tercera edición inglesa, "completamente revisada" por Ricardo Sánchez y Siro Arribas Jimeneo. |
| 260 ## - PUBLICACIÓN, DISTRIBUCIÓN, ETC. | |
| Lugar de publicación, distribución, etc. | Madrid : |
| Nombre del editor, distribuidor, etc. | [Paraninfo], |
| Fecha de publicación, distribución, etc. | 1949 ( |
| Fabricante | Bolaños y Aguilar) |
| 300 ## - DESCRIPCIÓN FÍSICA | |
| Extensión | XXIII, 614 p. ; |
| Dimensiones | 25 cm. |
| 700 1# - ENTRADA AGREGADA--NOMBRE PERSONAL | |
| Nombre de persona | Rincón Sánchez, Ricardo. |
| 9 (RLIN) | 97272 |
| 700 1# - ENTRADA AGREGADA--NOMBRE PERSONAL | |
| Nombre de persona | Arribas Jimeno, Siro. |
| 9 (RLIN) | 23292 |
| 852 ## - LOCALIZACIÓN | |
| Ubicación | ES-MaACL |
| Número de control de estantería | E-554 |
| Sublocalización o colección | R.26601 |
| Estatus retirado | Estado de pérdida | Estado de daño | No para préstamo | Biblioteca de origen | Biblioteca actual | Ubicación en estantería | Fecha de adquisición | Fuente de adquisición | Total de préstamos | Signatura topográfica completa | Código de barras | Visto por última vez | Precio de reemplazo | Tipo de ítem Koha |
|---|---|---|---|---|---|---|---|---|---|---|---|---|---|---|
| Biblioteca del Ateneo de Madrid | Biblioteca del Ateneo de Madrid | Depósito 2 | 17/01/2008 | E-554 | 1065250 | 23/02/2023 | 23/02/2023 | Libro impreso |
